[Event "Gibraltar Masters 2019"]
[Site "Caleta ENG"]
[Date "2019.01.29"]
[Round "8.57"]
[White "Santos Ruiz,Miguel"]
[Black "Karim,I"]
[Result "1-0"]
[WhiteElo "2543"]
[BlackElo "2347"]

1.e4 c5 2.Nf3 Nc6 3.d4 cxd4 4.Nxd4 g6 5.c4 Nf6 6.Nc3 Nxd4 7.Qxd4 d6 8.Be3 Bg7
9.f3 O-O 10.Qd2 Be6 11.Rc1 Qa5 12.b3 Rfc8 13.Be2 Nd7 14.g4 a6 15.h4 b5 16.Nd5 Qxd2+
17.Kxd2 Bxd5 18.cxd5 Bb2 19.Rxc8+ Rxc8 20.Rb1 Bc3+ 21.Kd1 Nc5 22.a4 bxa4
23.bxa4 Nxa4 24.Bxa6 Ra8 25.Bb7 Ra5 26.Kc2 Be5 27.f4 Bg7 28.Bc6 h6 29.Rb8+ Kh7
30.Be8 Nc5 31.Bxf7 Ra2+ 32.Kd1 Nxe4 33.Bg8+ Kh8 34.Be6+ Kh7 35.Bg8+ Kh8 36.Bf7+ Kh7
37.h5 Nc3+ 38.Ke1 gxh5 39.Bg8+ Kg6 40.f5+ Kf6 41.Bd4+ Kg5 42.Bxg7 Ne4 43.gxh5  1-0

[Event "Gibraltar Masters 2019"]
[Site "Caleta ENG"]
[Date "2019.01.29"]
[Round "8.56"]
[White "Kunin,V"]
[Black "Taylor,Adam C"]
[Result "1-0"]
[WhiteElo "2544"]
[BlackElo "2356"]

1.Nf3 Nf6 2.g3 d5 3.Bg2 e6 4.O-O Be7 5.c4 O-O 6.d3 c5 7.Nbd2 Nc6 8.e3 d4
9.exd4 cxd4 10.Re1 Ne8 11.Ne5 Nxe5 12.Rxe5 f6 13.Re1 e5 14.Nf1 Rb8 15.f4 Bd6
16.Qe2 b6 17.a3 Bb7 18.f5 Bxg2 19.Qxg2 b5 20.Nd2 bxc4 21.Nxc4 Be7 22.Re4 Qd7
23.Qh3 g6 24.Rh4 h5 25.Bh6 Qxf5 26.Qxf5 gxf5 27.Bxf8 Bxf8 28.Rxh5 Ng7 29.Rh6 Ne8
30.Rh3 Rb3 31.g4 fxg4 32.Rg3 Kf7 33.Rf1 Ke6 34.Rxg4 Rxd3 35.Nxe5 fxe5 36.Rxf8 Nd6
37.Rg6+ Ke7 38.Ra8 Rd1+ 39.Kf2 Rd2+ 40.Ke1  1-0

[Event "Gibraltar Masters 2019"]
[Site "Caleta ENG"]
[Date "2019.01.29"]
[Round "8.55"]
[White "Sethuraman,S"]
[Black "Antova,Gabriela"]
[Result "1-0"]
[WhiteElo "2665"]
[BlackElo "2263"]

1.e4 c5 2.Nc3 d6 3.Nge2 Nf6 4.d4 cxd4 5.Nxd4 a6 6.Be2 e6 7.Be3 Be7 8.f4 Qc7
9.g4 b5 10.g5 Nfd7 11.a3 Bb7 12.h4 Nc6 13.Nxc6 Bxc6 14.Qd4 O-O 15.h5 e5 16.Qd2 exf4
17.Bxf4 Ne5 18.O-O-O Rab8 19.Nd5 Bxd5 20.exd5 Rfc8 21.Kb1 Nc4 22.Bxc4 Qxc4
23.b3 Qc5 24.Rhe1 Bf8 25.Kb2 a5 26.Be3 Qc7 27.Bd4 a4 28.b4 Qd7 29.g6 fxg6
30.hxg6 hxg6 31.Re6 Qf7 32.Qg2 Qf5 33.Rxg6 Rb7 34.Rd2 Re8 35.Rg5 Qe4 36.Qh3 Rc7
37.Rg4 Qe1 38.Rh2 Re2 39.Qh8+ Kf7 40.Rxg7+  1-0

[Event "Gibraltar Masters 2019"]
[Site "Caleta ENG"]
[Date "2019.01.29"]
[Round "8.54"]
[White "Doluhanova,E"]
[Black "Prithu,Gupta"]
[Result "0-1"]
[WhiteElo "2348"]
[BlackElo "2462"]

1.e4 d6 2.d4 Nf6 3.Nc3 g6 4.h4 h5 5.Be3 c6 6.Qd2 b5 7.f3 Bg7 8.Nh3 Nbd7 9.a4 b4
10.Nd1 a5 11.Ndf2 Qc7 12.Ng5 c5 13.c3 O-O 14.Bb5 Ba6 15.Bxa6 Rxa6 16.O-O Rb8
17.Rac1 Rc6 18.cxb4 Rxb4 19.Qc2 Nh7 20.Nxh7 Kxh7 21.Bd2 Rxd4 22.Bc3 c4 23.Bxd4 Bxd4
24.Kh1 Qb6 25.b3 Ne5 26.f4 cxb3 27.Qb1 Rxc1 28.Rxc1 Bxf2 29.fxe5 b2 30.Rf1 dxe5
31.Qc2 Qf6 32.Rxf2 b1=Q+ 33.Qxb1 Qxf2  0-1

[Event "Gibraltar Masters 2019"]
[Site "Caleta ENG"]
[Date "2019.01.29"]
[Round "8.53"]
[White "Belenkaya,D"]
[Black "Cramling,P"]
[Result "0-1"]
[WhiteElo "2357"]
[BlackElo "2462"]

1.e4 c5 2.Nf3 e6 3.c4 Nc6 4.Nc3 Nd4 5.Nxd4 cxd4 6.Nb5 e5 7.a4 a6 8.Na3 Nf6
9.d3 Bb4+ 10.Bd2 Qa5 11.Nc2 Bxd2+ 12.Qxd2 Qxd2+ 13.Kxd2 a5 14.Na3 d6 15.Nb5 Ke7
16.h4 Nd7 17.g3 Nc5 18.Kc2 f5 19.exf5 Bxf5 20.f4 Kd7 21.h5 Rhf8 22.g4 Bxg4
23.Rg1 Rxf4 24.Re1 Rf2+ 25.Kb1 Raf8 26.Rxg4 Rxf1 27.Rxg7+ R1f7 28.Reg1 Nxd3
29.h6 Nc5 30.Rxf7+ Rxf7  0-1

[Event "Gibraltar Masters 2019"]
[Site "Caleta ENG"]
[Date "2019.01.29"]
[Round "8.52"]
[White "Gavrilescu,David"]
[Black "Pigott,J"]
[Result "0-1"]
[WhiteElo "2479"]
[BlackElo "2387"]

1.e4 d6 2.d4 Nf6 3.Nc3 g6 4.Be3 c6 5.Qd2 b5 6.f3 Bg7 7.O-O-O Qa5 8.Kb1 Nbd7
9.g4 Nb6 10.Bh6 Bxh6 11.Qxh6 Be6 12.d5 cxd5 13.Bxb5+ Kd8 14.Nge2 dxe4 15.Qg5 Nbd5
16.fxe4 h6 17.Qd2 Nxc3+ 18.Qxc3 Qxa2+ 19.Kc1 Qa1+ 20.Kd2 Nxe4+ 21.Ke3 Nxc3
22.Rxa1 Nxb5  0-1

[Event "Gibraltar Masters 2019"]
[Site "Caleta ENG"]
[Date "2019.01.29"]
[Round "8.122"]
[White "Cano Sevilla,Ivan"]
[Black "Christophe Hayot,R"]
[Result "1-0"]
[WhiteElo "1950"]
[BlackElo "1729"]

1.d4 d5 2.Bf4 Nd7 3.Nf3 g6 4.Nc3 c6 5.e4 dxe4 6.Nxe4 Bg7 7.c3 Qb6 8.Qb3 Ngf6
9.Nxf6+ Nxf6 10.Bc4 Qxb3 11.Bxb3 Bf5 12.Ne5 O-O 13.h3 Nd5 14.Bh2 f6 15.Ng4 Kh8
16.O-O Bxg4 17.hxg4 b5 18.Rfe1 Rfe8 19.Re6 Rad8 20.Rae1 b4 21.Bxd5 Rxd5 22.Rxe7 Rxe7
23.Rxe7 Bf8 24.Rxa7 bxc3 25.bxc3 Rb5 26.Bf4 Rb1+ 27.Kh2 g5 28.Be3 Bd6+ 29.g3 Rb2
30.Rd7 Bb8 31.a4 f5 32.gxf5 h5 33.Bxg5 Rxf2+ 34.Kh3 Rxf5 35.Rd8+ Kg7 36.Rxb8 Rxg5
37.Rc8 Ra5 38.Rxc6 Rxa4 39.Kh4 Ra1 40.Kxh5 Rf1 41.Kg5 Rf3 42.g4 Rf1 43.Rc7+ Kf8
44.c4 Ke8 45.d5 Kd8 46.d6 Rd1 47.c5 Rd5+ 48.Kh6 Rd1 49.g5 Rh1+ 50.Kg7 Rg1
51.g6 Rd1 52.Kg8 Rd5 53.g7 Rd1 54.Rf7 Rc1 55.Rf5 Ke8 56.Re5+ Kd7 57.Kf7 Rf1+
58.Kg6  1-0

[Event "Gibraltar Masters 2019"]
[Site "Caleta ENG"]
[Date "2019.01.29"]
[Round "8.50"]
[White "Stefanova,A"]
[Black "Kiik,K"]
[Result "1-0"]
[WhiteElo "2486"]
[BlackElo "2410"]

1.d4 e6 2.Nf3 Nf6 3.e3 b6 4.Bd3 Bb7 5.O-O c5 6.c4 d5 7.cxd5 exd5 8.b3 Nbd7
9.Bb2 Bd6 10.Nc3 O-O 11.Rc1 Re8 12.Ne2 Rc8 13.Ng3 g6 14.Rc2 Bf8 15.Qa1 Bg7
16.dxc5 bxc5 17.Bb5 Bc6 18.Bxc6 Rxc6 19.Nd4 Ra6 20.Nb5 Qb8 21.Nc3 d4 22.Na4 h5
23.exd4 cxd4 24.Rd1 h4 25.Nf1 h3 26.Bxd4 hxg2 27.Kxg2 Qa8+ 28.f3 Rae6 29.Ng3 Ne5
30.Bxe5 Rxe5 31.Qc1 Ng4 32.Nf1 Re3 33.Nxe3 Nxe3+ 34.Kf2 Bh6 35.Qb1 Qb8 36.Kg1 Qb7
37.Re1 Bg5 38.Rf2 Bh4 39.Nc5 Qb8 40.Ne4 Bxf2+ 41.Kxf2 Nd5 42.Kg1 Qb6+ 43.Kh1 Kg7
44.Qd3 Re5 45.Qd2 Qe6 46.Qd4 f6 47.Qxa7+ Kh6 48.Qc5 g5 49.Qg1 Nf4 50.Qg3 Ng6
51.Rd1 Qf5 52.Nf2 Re2 53.Qh3+ Qxh3 54.Nxh3 Rxa2 55.Rd6 Ra1+ 56.Kg2 Nh4+ 57.Kf2 Ra2+
58.Kf1 Kg6 59.f4 Rxh2 60.Nf2 gxf4 61.Rxf6+ Kg5 62.Rf8 f3 63.Rh8 Kf4 64.b4 Kg3
65.Rg8+ Kf4 66.b5 Rg2 67.Rf8+ Ke5 68.b6 Rg7 69.Nd3+ Kd5 70.Rf4 Ng2 71.Rxf3 Nh4
72.Rf6 Kc4 73.Ne5+ Kb5 74.Nf7 Rg8 75.b7 Rb8 76.Kf2 Kc5 77.Nd6 Kc6 78.Kg3 Nf5+
79.Nxf5+ Kxb7 80.Kf4 Ra8 81.Ke5 Ra1 82.Nd6+ Kc6 83.Ne4+ Kb5 84.Rf8 Rh1 85.Rb8+ Kc6
86.Rc8+ Kb6 87.Kd5 Rh5+ 88.Kd4 Rh4 89.Rc1 Kb5 90.Rc5+ Kb6 91.Re5 Kc6 92.Re6+ Kb5
93.Re8 Kc6 94.Kc4 Kd7 95.Re5 Kc6 96.Kd4 Kb6 97.Kd5 Kb5 98.Nd6+ Kb4 99.Nf5 Rh5
100.Kd4 Rh8 101.Kd3 Rh3+ 102.Ne3 Kb3 103.Rb5+ Ka4 104.Rb8 Rh4 105.Kc3 Rh3
106.Kc4 Rh4+ 107.Kc5 Rh5+ 108.Nd5 Ka3 109.Rb5 Rh4 110.Rb1 Rh5 111.Kc4 Rh4+
112.Kd3 Rh3+ 113.Ne3 Ka4 114.Kd4 Rh4+ 115.Kc5 Rh5+ 116.Kc4 Rh4+ 117.Kc3 Rh3
118.Kd3 Rh4 119.Nc2 Ka5 120.Nd4 Ka6 121.Kc4 Rh5 122.Ne6 Ka7 123.Nc5 Rh6 124.Rb7+ Ka8
125.Kb5 Rg6 126.Re7 Rh6 127.Nd7 Rh5+ 128.Ka6  1-0

[Event "Gibraltar Masters 2019"]
[Site "Caleta ENG"]
[Date "2019.01.29"]
[Round "8.49"]
[White "Blesic,V"]
[Black "Henderson de La Fuente,Lance"]
[Result "1/2-1/2"]
[WhiteElo "2390"]
[BlackElo "2489"]

1.c4 e6 2.Nf3 d5 3.e3 Nf6 4.Nc3 Be7 5.d4 O-O 6.Bd3 dxc4 7.Bxc4 a6 8.a4 c5
9.O-O Nc6 10.dxc5 Bxc5 11.e4 Qxd1 12.Rxd1 Ng4 13.Rf1 Nge5 14.Nxe5 Nxe5 15.Be2 Bd7
16.Bf4 f6 17.Rfc1 Rac8 18.Kf1 Rfd8 19.Nd1 Bb4 20.b3 Nc6 21.Be3 Na5 22.Rcb1 Be8
23.Ra2 Rc6 24.f3 e5 25.Nf2 Bf7 26.Nd3 Be7 27.Rab2 Ba3 28.Ra2 Bd6 29.Rab2 Ba3
30.Ra2 Be7 31.Rab2 Rd7 32.Bd2 Bd8 33.Nb4 Rcd6 34.Be1 Kf8 35.Nc2 Nc6 36.Ne3 g6
37.Nc4 Re6 38.Ne3 Red6 39.Nc4 Re6 40.Ne3 Bb6 41.Nd5 Bd4 42.Rc2 Red6 43.Bc4 Kg7
44.b4 Ne7  1/2-1/2

[Event "Gibraltar Masters 2019"]
[Site "Caleta ENG"]
[Date "2019.01.29"]
[Round "8.48"]
[White "Vega Gutierrez,S"]
[Black "Sprenger,J"]
[Result "1/2-1/2"]
[WhiteElo "2390"]
[BlackElo "2498"]

1.e4 c5 2.Nf3 e6 3.d4 cxd4 4.Nxd4 a6 5.g3 Nf6 6.Bg2 Qc7 7.O-O Nc6 8.Be3 Nxd4
9.Bxd4 e5 10.Be3 h6 11.c4 Bc5 12.Nc3 d6 13.Bxc5 Qxc5 14.Rc1 Bg4 15.Qb3 Rb8
16.Na4 Qc6 17.c5 Bd7 18.Nb6 dxc5 19.Nxd7 Nxd7 20.Bh3 Nf6 21.Qc3 O-O 22.Qxe5 b6
23.Bg2 Rbe8 24.Qf5 Qa4 25.e5 Qg4 26.Qxg4 Nxg4 27.f4 Rd8 28.Bh3 h5 29.Rfd1 g6
30.Bxg4 hxg4 31.h3 gxh3 32.Kh2 Kg7 33.Kxh3 Rh8+ 34.Kg4 Rxd1 35.Rxd1 Rh2 36.Rd7 Kf8
37.b3 Ke8 38.Ra7 b5 39.Rxa6 c4 40.bxc4 bxc4 41.a4 Ra2 42.Kg5 Ke7 43.g4 c3
44.f5 gxf5 45.gxf5 Rg2+ 46.Kf4 Rf2+ 47.Ke4 Re2+ 48.Kd4 c2 49.Rc6 Rf2 50.a5 Kd7
51.Rc3 Rxf5 52.Rxc2 f6 53.e6+ Kxe6 54.Ra2 Rd5+ 55.Kc4 Rd8 56.a6 Ke5 57.a7 Ra8
58.Kc5 f5 59.Kb6 f4 60.Kb7 Rf8 61.a8=Q Rxa8 62.Rxa8 f3 63.Kc6 Kd4 64.Ra3 Ke4
65.Ra4+ Ke3 66.Kd5 f2 67.Ra1 Ke2 68.Ke4 f1=Q  1/2-1/2

[Event "Gibraltar Masters 2019"]
[Site "Caleta ENG"]
[Date "2019.01.29"]
[Round "8.47"]
[White "Krysa,L"]
[Black "Wemmers,X"]
[Result "1-0"]
[WhiteElo "2499"]
[BlackElo "2418"]

1.d4 Nf6 2.c4 e6 3.Nc3 Bb4 4.Qc2 c5 5.dxc5 O-O 6.a3 Bxc5 7.Nf3 b6 8.Bf4 Bb7
9.Rd1 Nh5 10.Bc1 Be7 11.e4 Nc6 12.Be2 a6 13.O-O Qc7 14.e5 Rac8 15.Rfe1 f6
16.exf6 Nxf6 17.Ne4 Nxe4 18.Qxe4 Bc5 19.Qh4 Ne5 20.b4 Nxf3+ 21.Bxf3 Bxf3
22.gxf3 Bd6 23.Bb2 Rf7 24.Re4 Bf8 25.Kg2 Qc6 26.Be5 d5 27.cxd5 exd5 28.Red4 Re8
29.f4 Re6 30.R1d3 Be7 31.Qh5 Rh6 32.Qf3 Rg6+ 33.Kh1 h6 34.Rxd5 Qe6 35.Rd7 Qf5
36.Qd5 Kh7 37.Rg3 Re6 38.Qd3 Qxd3 39.Rgxd3 g5 40.Re3 Kg6 41.Bd4 Rxe3 42.Bxe3 a5
43.bxa5 bxa5 44.f5+ Kxf5 45.Rd5+ Ke4 46.Rxa5 Kf3 47.Ra7 g4 48.Kg1 h5 49.Kf1 h4
50.Bg5 g3 51.hxg3 hxg3 52.Rxe7 Rxe7 53.Bxe7 gxf2 54.a4 Ke4 55.a5 Kd5 56.a6 Kc6
57.Bd8  1-0

[Event "Gibraltar Masters 2019"]
[Site "Caleta ENG"]
[Date "2019.01.29"]
[Round "8.46"]
[White "Tsolakidou,Stavroula"]
[Black "Tan Zhongyi"]
[Result "0-1"]
[WhiteElo "2414"]
[BlackElo "2502"]

1.e4 e5 2.Nf3 Nf6 3.Nxe5 d6 4.Nf3 Nxe4 5.c4 Be7 6.d4 d5 7.Nc3 Nf6 8.Qb3 c6
9.h3 O-O 10.Bd3 dxc4 11.Bxc4 b5 12.Bd3 Bb7 13.O-O c5 14.Be2 a6 15.dxc5 Nbd7
16.c6 Bxc6 17.Nd4 Bb7 18.Bf3 Nc5 19.Qd1 Bxf3 20.Nxf3 Nd3 21.Qc2 Nb4 22.Qb3 Bc5
23.Bg5 Qd3 24.a3 Qc2 25.Qxc2 Nxc2 26.Rad1 Rfd8 27.Rxd8+ Rxd8 28.Ne4 Be7 29.Nxf6+ gxf6
30.Bh6 Bf8 31.Bd2 Kg7 32.Rc1 Nd4 33.Nxd4 Rxd4 34.Ba5 Bd6 35.Kf1 Be5 36.Ke2 Re4+
37.Kd3 Bxb2 38.Kxe4 Bxc1 39.Bb4 Kg6 40.Kd5 a5 41.Bxa5 Bxa3 42.Bd2 Kf5 43.g4+ Kg6
44.Ke4 f5+ 45.Ke5 b4 46.Kd4 b3 47.Kd3 Bc5 48.f3 Bd4 49.Bf4 Kf6 50.Bh6 Ke6
51.Bd2 Be5 52.Be3 f4 53.Bf2 Kd5 54.Be1 Kc5 55.h4 Kb5 56.Bd2 Ka4 57.g5 Ka3
58.Bc1+ Ka2 59.Ke4 Bd6 60.Kd4  0-1

[Event "Gibraltar Masters 2019"]
[Site "Caleta ENG"]
[Date "2019.01.29"]
[Round "8.45"]
[White "Horvath,Dominik"]
[Black "Gallego Alcaraz,A"]
[Result "0-1"]
[WhiteElo "2417"]
[BlackElo "2502"]

1.Nf3 Nf6 2.c4 c5 3.Nc3 g6 4.e4 d6 5.d4 cxd4 6.Nxd4 Bg7 7.Be2 Nc6 8.Be3 O-O
9.O-O Nxd4 10.Bxd4 Bd7 11.f4 Bc6 12.Qd3 Nd7 13.Bxg7 Kxg7 14.Kh1 a5 15.b3 Qb6
16.Rab1 Qc5 17.Bg4 Nf6 18.Bh3 e5 19.Nd5 Bxd5 20.exd5 Rae8 21.Rbe1 exf4 22.Qc3 Re3
23.Rxe3 Qxe3 24.Qa1 Re8 25.c5 Qxc5 26.Rxf4 Re5 27.Qf1 Qc3 28.Rxf6 Re1 29.Rxf7+ Kh6
30.g3 Rxf1+ 31.Bxf1 Qd2 32.Bg2 Qxa2  0-1

[Event "Gibraltar Masters 2019"]
[Site "Caleta ENG"]
[Date "2019.01.29"]
[Round "8.44"]
[White "Demuth,A"]
[Black "Bjerre,Jonas Buhl"]
[Result "1/2-1/2"]
[WhiteElo "2517"]
[BlackElo "2422"]

1.e4 c5 2.Nf3 d6 3.d4 cxd4 4.Qxd4 Nc6 5.Bb5 Bd7 6.Bxc6 Bxc6 7.Nc3 Nf6 8.Bg5 e6
9.Qd3 Be7 10.Nd4 Rc8 11.O-O-O Qa5 12.f4 O-O 13.h4 Rfe8 14.Kb1 h6 15.Bxf6 Bxf6
16.g4 Bxd4 17.Qxd4 e5 18.fxe5 Qxe5 19.Qxd6 Qxd6 20.Rxd6 Bxe4 21.Rg1 Bc6 22.Kc1 Re5
23.Kd2 Rce8 24.Rf1 f6 25.b4 a5 26.a3 h5 27.gxh5 axb4 28.axb4 Rxh5 29.Rd4 Kf7
30.Rf2 Reh8  1/2-1/2

[Event "Gibraltar Masters 2019"]
[Site "Caleta ENG"]
[Date "2019.01.29"]
[Round "8.43"]
[White "Ladron de Guevara Pinto,P"]
[Black "Goryachkina,A"]
[Result "1/2-1/2"]
[WhiteElo "2418"]
[BlackElo "2518"]

1.e4 c6 2.Nc3 d5 3.Nf3 Bg4 4.d4 dxe4 5.Nxe4 Nf6 6.Nxf6+ exf6 7.Be2 Bd6 8.O-O O-O
9.Be3 Nd7 10.c4 Qc7 11.h3 Bh5 12.Qc1 Rfe8 13.Re1 c5 14.Qc3 Bf4 15.Bxf4 Qxf4
16.Rad1 Rac8 17.b3 b6 18.g3 Qc7 19.dxc5 bxc5 20.Rd5 Bg6 21.Bf1 Be4 22.Rdd1 Bc6
23.Bg2 f5 24.Nh4 g6 25.Bxc6 Qxc6 26.Ng2 Rxe1+ 27.Rxe1 Nf6 28.Nf4 Rd8 29.Ne6 fxe6
30.Qxf6 Rd6 31.h4 Qd7 32.Qe5 Qc6 33.Qf6 Qd7 34.Re2 Qg7 35.Qxg7+ Kxg7 36.Re5 Rc6
37.Kf1 Kf6 38.f4 Ke7 39.Ke1 Kd6 40.Kd1 h6 41.Re2 Rc8 42.a3 a5 43.Kc2 g5 44.Rd2+ Ke7
45.hxg5 hxg5 46.fxg5 Rg8 47.b4 axb4 48.axb4 cxb4 49.Kb3 Rxg5 50.Rd3 e5 51.Kxb4 e4
52.Rc3 Kd7 53.c5 Kc6 54.Kc4 f4  1/2-1/2

[Event "Gibraltar Masters 2019"]
[Site "Caleta ENG"]
[Date "2019.01.29"]
[Round "8.42"]
[White "Hjartarson,J"]
[Black "Kozak,Adam"]
[Result "1-0"]
[WhiteElo "2530"]
[BlackElo "2425"]

1.e4 c5 2.Nf3 d6 3.d4 cxd4 4.Nxd4 Nf6 5.Nc3 a6 6.Be3 e5 7.Nf3 Qc7 8.Bg5 Nbd7
9.a4 h6 10.Bh4 b6 11.Nd2 Bb7 12.Bc4 Be7 13.Qe2 O-O 14.Bxf6 Nxf6 15.O-O Rfd8
16.Qd3 Qc5 17.Nb3 Qc8 18.f3 Rb8 19.Kh1 b5 20.axb5 axb5 21.Bxb5 d5 22.exd5 Nxd5
23.Nxd5 Bxd5 24.Qe2 Be6 25.Na5 Rb6 26.c4 Qc7 27.Rfd1 Rxd1+ 28.Qxd1 h5 29.Qe1 h4
30.h3 Bf5 31.Nb3 g6 32.Nd2 Bb4 33.Qf2 Rb8 34.Ne4 Bxe4 35.fxe4 Bc5 36.Qxh4 Kg7
37.Rf1 Qd6 38.b3 Qe6 39.Kh2 Be3 40.Qe1 Bd4 41.b4 Qe7 42.Rf3 Rb7 43.Qd2 Qd6
44.Kh1 Ra7 45.Rf1 Ra3 46.Be8 f6 47.c5 Bxc5 48.Qe2 Qe6 49.bxc5 Qxe8 50.Qb2 Ra7
51.Qb6 Qe7 52.c6 Rc7 53.Rb1 Kh6 54.Rd1 g5 55.Rd7 Rxd7 56.cxd7 Qxd7 57.Qxf6+ Kh5
58.Qxe5 Kg6 59.Kh2 Qd2 60.Qf5+ Kg7 61.e5 Kg8 62.Qg6+ Kh8 63.Qf7 Qe3 64.Qf6+ Kh7
65.e6 Qb6 66.Qe5  1-0

[Event "Gibraltar Masters 2019"]
[Site "Caleta ENG"]
[Date "2019.01.29"]
[Round "8.41"]
[White "Kavutskiy,K"]
[Black "Ernst,S"]
[Result "0-1"]
[WhiteElo "2424"]
[BlackElo "2540"]

1.d4 Nf6 2.c4 e6 3.Nf3 c5 4.d5 d6 5.Nc3 exd5 6.cxd5 g6 7.e4 Bg7 8.Be2 O-O
9.O-O Re8 10.Nd2 Nbd7 11.Re1 Ne5 12.h3 g5 13.Nf1 h6 14.Ng3 a6 15.a4 g4 16.h4 Nh7
17.h5 Qh4 18.a5 Ng5 19.Bxg5 Qxg5 20.Na4 f5 21.Nb6 f4 22.Qd2 Rf8 23.Rf1 Qh4
24.Ra3 Rb8 25.Nxc8 Rbxc8 26.Nf5 Rxf5 27.exf5 g3 28.fxg3 fxg3 29.Rxg3 Qxg3
30.f6 Bf8 31.Qc2 Rc7 32.Qe4 c4 33.Bd1 Qd3 34.Qf4 Qxd5 35.Qf5 Rf7 36.Kh1 Qd4
37.g4 Qd3 38.Qf4 Bg7  0-1

[Event "Gibraltar Masters 2019"]
[Site "Caleta ENG"]
[Date "2019.01.29"]
[Round "8.40"]
[White "Buksa,N"]
[Black "Koneru,H"]
[Result "0-1"]
[WhiteElo "2420"]
[BlackElo "2541"]

1.e4 c6 2.d4 d5 3.e5 Bf5 4.Nd2 e6 5.Nb3 c5 6.dxc5 Bxc5 7.Nxc5 Qa5+ 8.c3 Qxc5
9.Nf3 Qc7 10.Bf4 Ne7 11.Be2 O-O 12.O-O Nbc6 13.Bg3 Be4 14.Bd3 Nf5 15.Re1 Rfd8
16.Qe2 Bxd3 17.Qxd3 d4 18.a3 a5 19.Rac1 Qb6 20.Qd2 a4 21.Rcd1 Qb3 22.Rc1 d3
23.Re4 Na5 24.c4 Qb6 25.Qc3 Rac8 26.Bf4 Nb3 27.Rd1 Qc6 28.Rde1 Nc5 29.Rd4 Nxd4
30.Nxd4 Qd7 31.Nb5 d2 32.Rd1 Ne4 33.Qb4 Qd3 34.Nd6 Qe2  0-1

[Event "Gibraltar Masters 2019"]
[Site "Caleta ENG"]
[Date "2019.01.29"]
[Round "8.39"]
[White "Lei Tingjie"]
[Black "Kadric,D"]
[Result "1-0"]
[WhiteElo "2447"]
[BlackElo "2545"]

1.d4 d6 2.Nf3 g6 3.c4 Bg7 4.Nc3 e5 5.e4 Nc6 6.Bg5 Nge7 7.dxe5 dxe5 8.Qxd8+ Nxd8
9.Nd5 Nxd5 10.cxd5 f6 11.Be3 c6 12.Bc4 cxd5 13.Bxd5 Be6 14.O-O-O Bxd5 15.Rxd5 Rf8
16.Nd2 Rf7 17.Nc4 Rc7 18.b3 Nf7 19.Rhd1 Bf8 20.Kb2 b6 21.a4 Rc6 22.a5 bxa5
23.Rxa5 a6 24.Nb6 Rb8 25.Rxa6 Nd6 26.f3 Nb5 27.Rda1 Nc7 28.Ra7 Bc5 29.Bxc5 Rxc5
30.Na8 Ne6 31.Rxh7 Rd8 32.Raa7 Rd2+ 33.Ka3 Nf8 34.Nc7+  1-0

[Event "Gibraltar Masters 2019"]
[Site "Caleta ENG"]
[Date "2019.01.29"]
[Round "8.38"]
[White "Lagno,Kateryna"]
[Black "Szczepkowska Horowska,K"]
[Result "1/2-1/2"]
[WhiteElo "2560"]
[BlackElo "2426"]

1.e4 e5 2.Nf3 Nc6 3.Bb5 Nf6 4.d3 Bc5 5.Bxc6 dxc6 6.Bg5 Qd6 7.Nbd2 Nd7 8.Nc4 Qe6
9.O-O O-O 10.Qe2 Re8 11.Be3 Bd6 12.Nh4 b5 13.Nxd6 cxd6 14.Nf5 d5 15.f4 dxe4
16.dxe4 exf4 17.Qg4 Qg6 18.Qxf4 Ne5 19.Bd4 f6 20.Bxe5 Bxf5 21.exf5 fxe5 22.fxg6 exf4
23.gxh7+ Kxh7 24.Rxf4 Rad8 25.Rf2 Re4 26.g3 a5 27.Kg2 Rd6 28.Raf1 a4 29.h4 Re3
30.a3 Rg6 31.Rf3 Re4 32.Rf4 Re3 33.R1f3 Re2+ 34.Rf2 Re3 35.R4f3 Re1 36.Rd2 Rb1
37.c3 Re1 38.Rfd3 Rge6 39.Kh3 Rg6 40.Kg2 Rge6 41.Rf3 Rg6 42.Rdf2 Re4 43.Rf4 Re1
44.g4 Rd6 45.Kg3 Re3+ 46.R4f3 Re1 47.h5 Kh6 48.Rf8 Rg1+ 49.Kf4 g6 50.g5+ Rxg5
51.Rh8+ Kg7 52.h6+ Kxh8 53.Kxg5 Kh7 54.Rf7+ Kh8 55.Rc7 Re6 56.Rc8+ Kh7 57.Rc7+ Kh8
58.h7 Re2 59.Kxg6 Rg2+ 60.Kh6 Rh2+ 61.Kg6 Rg2+ 62.Kf5 Rxb2 63.Rxc6 Kxh7 64.c4 b4
65.Ra6 bxa3 66.Rxa4 a2 67.Ke6 Rc2 68.Kd5 Kg6 69.c5 Rd2+ 70.Ke6 Rc2 71.Kd6 Rd2+
72.Kc7 Kf5 73.c6 Ke6 74.Ra6 Kd5 75.Ra5+ Kc4 76.Kb7 Kb3 77.c7 Rc2 78.Rxa2  1/2-1/2

[Event "Gibraltar Masters 2019"]
[Site "Caleta ENG"]
[Date "2019.01.29"]
[Round "8.37"]
[White "Cornette,Deimante"]
[Black "Moroni,L"]
[Result "0-1"]
[WhiteElo "2448"]
[BlackElo "2562"]

1.e4 e5 2.Nf3 Nc6 3.Nc3 Nf6 4.Bb5 Bc5 5.O-O O-O 6.Nxe5 Nxe5 7.d4 Bd6 8.dxe5 Bxe5
9.Bd3 Re8 10.Bg5 Qe7 11.Kh1 Qe6 12.Qd2 h6 13.Bh4 Qg4 14.Bg3 Bxg3 15.fxg3 c6
16.Qf4 Qg5 17.Rae1 Qe5 18.Nd1 d6 19.c3 Be6 20.a3 Bb3 21.Nf2 Re7 22.Qf3 Be6
23.Qf4 Bb3 24.Qf3 h5 25.g4 h4 26.Nh3 Be6 27.Nf2 Rae8 28.h3 Bb3 29.Re2 Nd7
30.Bb1 Qg5 31.Rfe1 Bc4 32.Bd3 Ne5 33.Qf5 Qh6 34.Bxc4 Nxc4 35.g5 Qe6 36.Qf4 Qg6
37.Qxh4 Re5 38.b3 Na5 39.Ng4 Qxg5 40.Qf2 R5e7 41.Re3 Nxb3 42.Rg3 Kf8 43.Rf3 Nc5
44.e5 f6 45.Rf5 Qg6 46.Rf1 Ne4 47.Qe3 Rxe5 48.Nxe5 Ng3+ 49.Kg1 Rxe5 50.Rxe5 Nxf1
51.Qe4 Qxe4 52.Rxe4 Ng3 53.Re3 Nf5 54.Rf3 Ne7 55.Kf2 Ng6 56.Ke2 d5 57.Rf1 Ne5
58.Rb1 b6 59.a4 Nc4 60.Kd3 Ke7 61.Re1+ Ne5+ 62.Kc2 Kf7 63.Re3 Nd7 64.Kb3 Nc5+
65.Kb4 a5+ 66.Ka3 Ne4 67.Kb2 Ke6 68.c4 Kf5 69.cxd5 cxd5 70.h4 Kg4 71.Rd3 Kxh4
72.Rxd5 Kg3 73.Rb5 Kxg2 74.Rxb6 g5 75.Kc2 g4 76.Rb5 g3 77.Kd3 Nf2+ 78.Ke2 Kh2
79.Rb1 Nh3 80.Kf3 g2 81.Rb2 Ng5+ 82.Kf4 Ne6+ 83.Kf3 Ng5+ 84.Kf4 Kh1 85.Rxg2 Kxg2
86.Kf5 Kf3 87.Kxf6 Ne4+ 88.Ke5 Nc5 89.Kd5 Nxa4 90.Kc4 Nb6+ 91.Kb5 a4 92.Kb4 Ke3
93.Ka3 Kd3 94.Kb4 Kc2 95.Ka3 Kb1  0-1

[Event "Gibraltar Masters 2019"]
[Site "Caleta ENG"]
[Date "2019.01.29"]
[Round "8.36"]
[White "Javakhishvili,L"]
[Black "Peralta,Fe"]
[Result "0-1"]
[WhiteElo "2452"]
[BlackElo "2580"]

1.d4 Nf6 2.c4 e6 3.Nf3 b6 4.a3 Bb7 5.Nc3 d5 6.cxd5 Nxd5 7.Qc2 Be7 8.e4 Nxc3
9.bxc3 O-O 10.Bd3 c5 11.O-O Qc7 12.Qe2 Rd8 13.Rd1 Nd7 14.e5 Nf8 15.h4 Rac8
16.Be3 Qc6 17.a4 cxd4 18.cxd4 Qd5 19.Rdc1 h6 20.h5 Bb4 21.Rab1 a5 22.Rxc8 Rxc8
23.Bd2 Bxd2 24.Qxd2 Nd7 25.Bb5 Nb8 26.Be2 Qd8 27.Qe3 Bd5 28.Nd2 Nc6 29.Ba6 Rc7
30.Ne4 Nb4 31.Bf1 Bxe4 32.Qxe4 Qd5 33.Qg4 Qa2 34.Re1 Qxa4 35.d5 exd5 36.Bd3 Qa3
37.e6 Nxd3 38.exf7+ Rxf7 39.Re8+ Rf8 40.Qe6+ Kh8 41.Qf7 Qa1+ 42.Kh2 Qe5+  0-1

[Event "Gibraltar Masters 2019"]
[Site "Caleta ENG"]
[Date "2019.01.29"]
[Round "8.35"]
[White "Mikhalevski,V"]
[Black "Iniyan,P"]
[Result "1-0"]
[WhiteElo "2581"]
[BlackElo "2456"]

1.d4 Nf6 2.Nf3 g6 3.g3 Bg7 4.Bg2 O-O 5.O-O d6 6.b3 e5 7.dxe5 dxe5 8.Ba3 Re8
9.Qxd8 Rxd8 10.Nc3 Nc6 11.Rad1 Bf5 12.Nh4 Bxc2 13.Rc1 Bf5 14.Nxf5 gxf5 15.Bxc6 bxc6
16.Rc2 e4 17.Na4 Ng4 18.Be7 Rd7 19.Bg5 Ne5 20.Kg2 h6 21.Be3 Rd5 22.Rfc1 Kh7
23.Bf4 Rad8 24.Bxe5 Bxe5 25.Rxc6 Rd2 26.R1c5 f6 27.Rc2 f4 28.Rxd2 Rxd2 29.gxf4 Bxf4
30.Rxf6 Bd6 31.e3 Rxa2 32.Re6 Ra3 33.Nc3 Rxb3 34.Nxe4 Bb4 35.Nf6+ Kg7 36.Nd5 Ba5
37.Nxc7 Rb2 38.Re4 Be1 39.Rf4 a5 40.Kf1 Bb4 41.h3 Ra2 42.Nd5 Bd6 43.Rf6 Bf8
44.Ra6 a4 45.Nc3 Ra1+ 46.Ke2 a3 47.Kd3 Kf7 48.Ke4 Rc1 49.Nd5 Rc2 50.f4 a2
51.Kd3 Rh2 52.Nc3 Rxh3 53.Rxa2 h5 54.Ra7+ Kg8 55.Ne4 Bh6 56.Nf6+ Kf8 57.Ke4 h4
58.Ng4 Bg7 59.f5 Rg3 60.Kf4 Bc3 61.f6 Rg1 62.Kf5 Kg8 63.Rg7+ Kh8 64.Rc7 Ba1
65.e4 h3 66.e5 Bxe5 67.Nxe5 h2 68.Ng6+ Rxg6 69.Kxg6 h1=Q 70.Rc8+  1-0

[Event "Gibraltar Masters 2019"]
[Site "Caleta ENG"]
[Date "2019.01.29"]
[Round "8.34"]
[White "Batsiashvili,N"]
[Black "Vocaturo,D"]
[Result "0-1"]
[WhiteElo "2459"]
[BlackElo "2626"]

1.d4 e6 2.g3 c5 3.Nf3 cxd4 4.Nxd4 d5 5.Bg2 Nf6 6.c4 e5 7.Nb3 d4 8.O-O Nc6
9.e3 d3 10.Nc3 Be6 11.Nd2 Qd7 12.b3 Bh3 13.Bxh3 Qxh3 14.Qf3 O-O-O 15.Bb2 Bb4
16.a3 Bxc3 17.Bxc3 Rhe8 18.e4 Re6 19.Qg2 Qh6 20.Rfd1 Nh5 21.Nf1 Rg6 22.f3 Nf4
23.Bd2 Qh5 24.Bxf4 exf4 25.Qf2 Rf6 26.Kg2 g5 27.g4 Qg6 28.b4 Kb8 29.h3 Ne5
30.Nd2 h5 31.Rh1 Qh7 32.a4 Rh6 33.gxh5 Rxh5 34.Rh2 Qh6 35.Rah1 Rh8 36.Qc5 g4
37.Qxe5+ Rxe5 38.hxg4 Qxh2+ 39.Rxh2 Rxh2+ 40.Kxh2 a5 41.b5 Kc7 42.Kg2 Kb6
43.Nb3 Rc5 44.Nd2 Rc8 45.e5 Kc5 46.Kf2 Kd4 47.e6 fxe6 48.g5 Kc3 49.Ke1 Kc2  0-1

[Event "Gibraltar Masters 2019"]
[Site "Caleta ENG"]
[Date "2019.01.29"]
[Round "8.33"]
[White "Maze,S"]
[Black "Solozhenkin,E"]
[Result "1-0"]
[WhiteElo "2596"]
[BlackElo "2427"]

1.e4 c6 2.d4 d5 3.e5 Bf5 4.Nf3 e6 5.Be2 c5 6.Be3 Qb6 7.c4 Qxb2 8.O-O Nc6
9.cxd5 exd5 10.dxc5 d4 11.Nxd4 O-O-O 12.Qb3 Qxb3 13.Nxb3 Nxe5 14.Nc3 Nf6
15.Nd4 Bd3 16.Bxd3 Nxd3 17.c6 b6 18.Ndb5 a6 19.Bxb6 axb5 20.Bxd8 Kxd8 21.Rfd1 Kc7
22.Nxb5+ Kxc6 23.Nd4+ Kd5 24.Rxd3 Kc4 25.Rad1 Ne4 26.Nf5 Bc5 27.Rd4+  1-0

[Event "Gibraltar Masters 2019"]
[Site "Caleta ENG"]
[Date "2019.01.29"]
[Round "8.32"]
[White "Ju Wenjun"]
[Black "Tomazini,Z"]
[Result "1-0"]
[WhiteElo "2575"]
[BlackElo "2439"]

1.d4 Nf6 2.c4 g6 3.g3 c5 4.d5 b5 5.cxb5 a6 6.bxa6 Nxa6 7.Nc3 Bg7 8.Nf3 d6
9.Bg2 O-O 10.O-O Bf5 11.Nd2 Nb4 12.Nc4 Bc2 13.Qd2 Bb3 14.Na3 Bxd5 15.Nxd5 Nfxd5
16.Nc4 Nf6 17.Bxa8 Qxa8 18.a3 d5 19.Nb6 Qa7 20.axb4 Qxa1 21.bxc5 e6 22.b4 Ne4
23.Qd3 Qc3 24.Qxc3 Nxc3 25.Re1 Nb5 26.Bd2 Rb8 27.e4 dxe4 28.Rxe4 Rd8 29.Be3 Rd3
30.c6 Rc3 31.Rc4 Be5 32.Rxc3 Bxc3 33.Bc5 Be5 34.Nd7 Bc7 35.Nf6+ Kh8 36.f4 e5
37.Nd5 Bb8 38.Bb6 Ba7 39.Bxa7 Nxa7 40.c7  1-0